| 000 | 01419nam a2200337Ia 4500 | ||
|---|---|---|---|
| 001 | ebr10026206 | ||
| 003 | CaPaEBR | ||
| 006 | m u | ||
| 007 | cr cn||||||||| | ||
| 008 | 021122s2003 pau s b 001 0 eng d | ||
| 020 | _z1588113671 | ||
| 040 |
_aCaPaEBR _cCaPaEBR |
||
| 035 | _a(OCoLC)52967314 | ||
| 050 | 1 | 4 |
_aPL5071 _b.E64 2003eb |
| 082 | 0 | 4 |
_a499/.2210141 _221 |
| 100 | 1 | _aEnglebretson, Robert. | |
| 245 | 1 | 0 |
_aSearching for structure _h[electronic resource] : _bthe problem of complementation in colloquial Indonesian conversation / _cRobert Englebretson. |
| 260 |
_aPhiladelphia, PA : _bJohn Benjamins Pub., _c2003. |
||
| 300 | _ax, 216 p. | ||
| 490 | 1 |
_aStudies in discourse and grammar, _x0928-8929 ; _vv. 13 |
|
| 504 | _aIncludes bibliographical references and index. | ||
| 533 |
_aElectronic reproduction. _bPalo Alto, Calif. : _cebrary, _d2011. _nAvailable via World Wide Web. _nAccess may be limited to ebrary affiliated libraries. |
||
| 650 | 0 |
_aIndonesian language _xDiscourse analysis. |
|
| 650 | 0 |
_aIndonesian language _xComplement. |
|
| 650 | 0 |
_aIndonesian language _xSemantics. |
|
| 650 | 0 |
_aIndonesian language _xVerb. |
|
| 655 | 7 |
_aElectronic books. _2local |
|
| 710 | 2 | _aebrary, Inc. | |
| 830 | 0 |
_aStudies in discourse and grammar ; _vv. 13. |
|
| 856 | 4 | 0 |
_uhttp://site.ebrary.com/lib/rucke/Doc?id=10026206 _zAn electronic book accessible through the World Wide Web; click to view |
| 999 |
_c23491 _d23491 |
||